<?xml version="1.0" encoding="UTF-8"?><?xml-stylesheet type="text/xsl" href="static/style.xsl"?><OAI-PMH xmlns="http://www.openarchives.org/OAI/2.0/" xmlns:xsi="http://www.w3.org/2001/XMLSchema-instance" xsi:schemaLocation="http://www.openarchives.org/OAI/2.0/ http://www.openarchives.org/OAI/2.0/OAI-PMH.xsd"><responseDate>2026-04-17T11:30:26Z</responseDate><request verb="GetRecord" identifier="oai:www.recercat.cat:2072/445187" metadataPrefix="marc">https://recercat.cat/oai/request</request><GetRecord><record><header><identifier>oai:recercat.cat:2072/445187</identifier><datestamp>2025-05-08T09:57:55Z</datestamp><setSpec>com_2072_98</setSpec><setSpec>col_2072_378192</setSpec></header><metadata><record xmlns="http://www.loc.gov/MARC21/slim" xmlns:dcterms="http://purl.org/dc/terms/" xmlns:xsi="http://www.w3.org/2001/XMLSchema-instance" xmlns:doc="http://www.lyncode.com/xoai" xsi:schemaLocation="http://www.loc.gov/MARC21/slim http://www.loc.gov/standards/marcxml/schema/MARC21slim.xsd">
   <leader>00925njm 22002777a 4500</leader>
   <datafield ind2=" " ind1=" " tag="042">
      <subfield code="a">dc</subfield>
   </datafield>
   <datafield ind2=" " ind1=" " tag="720">
      <subfield code="a">Salcines Talledo, Irina</subfield>
      <subfield code="e">author</subfield>
   </datafield>
   <datafield ind2=" " ind1=" " tag="720">
      <subfield code="a">González-Fernández, Natalia</subfield>
      <subfield code="e">author</subfield>
   </datafield>
   <datafield ind2=" " ind1=" " tag="720">
      <subfield code="a">Ramírez-García, Antonia</subfield>
      <subfield code="e">author</subfield>
   </datafield>
   <datafield ind2=" " ind1=" " tag="720">
      <subfield code="a">Martínez Mínguez, Maria Lourdes</subfield>
      <subfield code="e">author</subfield>
   </datafield>
   <datafield ind2=" " ind1=" " tag="260">
      <subfield code="c">2018</subfield>
   </datafield>
   <datafield ind2=" " ind1=" " tag="520">
      <subfield code="a">El proceso de convergencia europea ha implicado transformaciones del sistema universitario como la incorporación de las competencias que ha supuesto cambios importantes en las metodologías docentes y, consecuentemente, en la evaluación de las mismas. Desde diferentes autorías e instituciones se recomienda incorporar la autoevaluación del alumnado en este procesopara conocer su valoración sobre el desarrollo o no de las competencias necesarias para ejercer la profesión y desarrollar el puesto de trabajo para el que se están formando. El objetivo de este artículo es mostrar los resultados del análisis psicométrico realizadoa una escala de autopercepción de competencias en estudiantes universitarios. Los resultados obtenidos muestran una adecuada validez de contenido, el análisis descriptivo de los ítems ha evidenciado que todos eran relevantes, la validez de constructo puso de manifiesto una estructura acorde con la tipología de competencias evaluadas y, finalmente, la consistencia interna arrojó un Alfa de Cronbach de .992 En conclusión, la escala presentada ofrece parámetros psicométricosque posibilitan su aplicación en la autoevaluación de competencias.</subfield>
   </datafield>
   <datafield ind2=" " ind1=" " tag="520">
      <subfield code="a">The European convergence process has involved changes in the university system as the incorporation of competences in higher education has resulted in significant changes in teaching methods and, consequently, in evaluating of them. Different authors and institutions are recommended to incorporate self-assessment of students in this processto know their opinion about the development or not of the necessary competences to practice and develop the job for which they are forming skills assessment. The aim of this paper is to show the results of psychometric analysis on a scale to self-assess competences in college students. The results show adequate content validity, the descriptive analysis of the items has shown that all were relevant, construct validity showed a structure consistent with the type of evaluated competences and, finally, internal consists showed a Cronbach Alpha of .992. In conclusion, the presented scale offers psychometric parameters that enable its application in the self-assessment of competences</subfield>
   </datafield>
   <datafield tag="653" ind2=" " ind1=" ">
      <subfield code="a">Autoevaluación</subfield>
   </datafield>
   <datafield tag="653" ind2=" " ind1=" ">
      <subfield code="a">Competencias</subfield>
   </datafield>
   <datafield tag="653" ind2=" " ind1=" ">
      <subfield code="a">Educación Superior</subfield>
   </datafield>
   <datafield tag="653" ind2=" " ind1=" ">
      <subfield code="a">Evaluación</subfield>
   </datafield>
   <datafield tag="653" ind2=" " ind1=" ">
      <subfield code="a">Self-assessment</subfield>
   </datafield>
   <datafield tag="653" ind2=" " ind1=" ">
      <subfield code="a">Competences</subfield>
   </datafield>
   <datafield tag="653" ind2=" " ind1=" ">
      <subfield code="a">Higher Education</subfield>
   </datafield>
   <datafield tag="653" ind2=" " ind1=" ">
      <subfield code="a">Assessment</subfield>
   </datafield>
   <datafield ind2="0" ind1="0" tag="245">
      <subfield code="a">Validación de la escala de autopercepción de competencias transversales y profesionales de estudiantes de educación superior</subfield>
   </datafield>
</record></metadata></record></GetRecord></OAI-PMH>